000 00681nam a2200241Ia 4500
003 OSt
005 20220918181928.0
006 a|||||r|||| 00| 0
007 ta
008 220917b |||||||| |||| 00| 0 eng d
024 _a29,433
037 _cTextual
040 _aARTS
_cARTS
_beng
041 _2eng
_aeng
082 _aO111,3N35,1, M1
100 _aFarrell J G
_951294
245 0 _aHill ststion
_b An unfinished novel and an Indian diary ed by John Spurling
260 _aNew Delhi
_bVikas India
_c1981
300 _ax, 228p.
_ccm.
650 _aENGLISH LITERATURE
942 _hO111,3N35,1, M1
_cTEXL
_2CC
999 _c167274
_d167274